000 00641nam a2200229Ia 4500
003 OSt
005 20220925224910.0
006 a|||||r|||| 00| 0
007 ta
008 220923b |||||||| |||| 00| 0 eng d
020 _a0415032318
037 _cGeneral Book
040 _aRTL
_cRTL
_beng
041 _2eng
_aeng
082 _aY15, N0
100 _aSmith Dorothy E
_9244402
245 0 _aTexts, facts and femining
_b Exploring the relations of ruling
260 _aLondon
_bRoutledge Publications
_c1990
300 _a247p
_ccm.
942 _hY15, N0
_cGB
_2CC
999 _c582513
_d582513